[Event "London Classic Open 2014"]
[Site "London ENG"]
[Date "2014.12.13"]
[Round "6.32"]
[White "Villiers, Thomas"]
[Black "Buchicchio, Giampaolo"]
[Result "0-1"]
[BlackTitle "FM"]
[WhiteElo "2061"]
[BlackElo "2301"]
[WhiteFideId "427209"]
[BlackFideId "811491"]
[EventDate "2014.12.08"]

1. d4 Nf6 2. c4 e5 3. dxe5 Ng4 4. Bf4 g5 5. Bg3 Bg7 6. Nf3 Nc6 7. Qd5 d6 8. Nc3
Ngxe5 9. Nxe5 Nxe5 10. e3 Be6 11. Qb5+ c6 12. Qa4 O-O 13. Be2 f5 14. f4 Nd7 15.
Bf2 a6 16. O-O b5 17. cxb5 axb5 18. Qc2 b4 19. Nb1 b3 20. Qd2 Nc5 21. Nc3 bxa2
22. Rxa2 Bxa2 23. Nxa2 Ne4 24. Qc2 gxf4 25. Qxc6 Nxf2 26. Rxf2 fxe3 27. Rf3 d5
28. Qe6+ Kh8 29. Nc3 d4 30. Nd5 Ra1+ 31. Rf1 Rxf1+ 32. Kxf1 Qh4 33. Nxe3 Qf4+
34. Bf3 Qxe3 35. Qc6 d3 36. b4 Bd4 0-1

[Event "London Classic Open 2014"]
[Site "London ENG"]
[Date "2014.12.13"]
[Round "6.33"]
[White "Constantinou, Peter"]
[Black "White, Alastair F"]
[Result "1-0"]
[WhiteTitle "FM"]
[WhiteElo "2276"]
[BlackElo "2058"]
[WhiteFideId "413038"]
[BlackFideId "2402041"]
[EventDate "2014.12.08"]

1. d4 d6 2. e4 Nf6 3. Nc3 e5 4. Nge2 Nc6 5. h3 Be7 6. g3 d5 7. exd5 Nxd5 8. dxe5
Nxc3 9. Qxd8+ Bxd8 10. Nxc3 Nxe5 11. Bg2 O-O 12. Bf4 Ng6 13. Be3 c6 14. O-O-O
Bb6 15. Bxb6 axb6 16. a4 Be6 17. Rd4 Rfd8 18. Rhd1 Rxd4 19. Rxd4 f5 20. Rb4 b5
21. axb5 c5 22. Ra4 Rb8 23. b6 Ne7 24. Ra5 c4 25. Na4 Kf7 26. Nc5 Bd5 27. Bxd5+
Nxd5 28. Nd7 Rd8 29. Rxd5 Ke6 30. Rc5 Rxd7 31. Rxc4 g5 32. Rc7 Rxc7 33. bxc7 Kd7
34. Kd2 Kxc7 35. Kd3 Kd6 36. Kd4 h5 37. c4 Ke6 38. c5 Kf6 39. b4 Ke6 40. b5 Kf6 1-0

[Event "London Classic Open 2014"]
[Site "London ENG"]
[Date "2014.12.13"]
[Round "6.34"]
[White "Chiu, Howard"]
[Black "Prosviriakov, Vladimir"]
[Result "1/2-1/2"]
[WhiteTitle "CM"]
[BlackTitle "IM"]
[WhiteElo "2052"]
[BlackElo "2271"]
[WhiteFideId "5801338"]
[BlackFideId "2004860"]
[EventDate "2014.12.08"]

1. e4 Nc6 2. Nf3 e5 3. Bb5 a6 4. Ba4 d6 5. c3 g6 6. d3 Bg7 7. Nbd2 Nf6 8. O-O
O-O 9. a3 Nh5 10. Re1 Nf4 11. Nf1 f5 12. Ne3 fxe4 13. dxe4 Kh8 14. Nd5 g5 15.
Bxf4 exf4 16. Nd4 Ne5 17. Nf5 Bxf5 18. exf5 c6 19. Nb4 f3 20. Nd3 fxg2 21. Nxe5
Bxe5 22. Bc2 Qb6 23. Rb1 Rf6 24. Kxg2 Rh6 25. Rh1 Rf8 26. Qe2 Rh4 27. Bd3 Qb3
28. h3 Qd5+ 29. Qf3 Qf7 30. Rbg1 Rf4 31. Qe2 Rg8 32. Kf1 b5 33. Rg4 Bf6 34. Qe6
Qxe6 35. fxe6 Be7 36. Rxf4 gxf4 37. Rg1 Rf8 38. Be4 d5 39. Bf3 Rf6 40. Bg4 h5
41. Bxh5 Rxe6 42. Rg6 Rxg6 43. Bxg6 Bf6 44. Ke2 Kg7 45. Bf5 d4 46. cxd4 Bxd4 47.
b3 1/2-1/2

[Event "London Classic Open 2014"]
[Site "London ENG"]
[Date "2014.12.13"]
[Round "6.35"]
[White "Roe, Simon J"]
[Black "Robert, Pierre"]
[Result "1/2-1/2"]
[WhiteElo "2240"]
[BlackElo "2051"]
[WhiteFideId "401471"]
[BlackFideId "204781"]
[EventDate "2014.12.08"]

1. Nf3 Nf6 2. c4 g6 3. g3 Bg7 4. Bg2 O-O 5. O-O d6 6. d4 Nbd7 7. Nc3 e5 8. e4 c6
9. b3 Qb6 10. Bb2 exd4 11. Na4 Qc7 12. Nxd4 Nc5 13. Nxc5 dxc5 14. Ne2 Bg4 15. f3
Rad8 16. Qc2 Bc8 17. Rad1 Rxd1 18. Rxd1 Rd8 19. Nf4 Rxd1+ 20. Qxd1 Nh5 21. Bxg7
Nxg7 22. Qd2 Ne6 23. Nxe6 Bxe6 24. f4 Qd7 25. Qxd7 Bxd7 26. Kf2 Kf8 27. Ke3 Ke7
28. Bf3 f6 29. h4 f5 30. e5 h5 31. Be2 Be6 32. Kd2 Kd7 33. Kc3 Kc7 34. a3 a5 35.
Bd1 Kb6 36. Bc2 Kc7 37. Bd3 Kb6 38. Bc2 Kc7 39. Bd3 1/2-1/2

[Event "London Classic Open 2014"]
[Site "London ENG"]
[Date "2014.12.13"]
[Round "6.36"]
[White "Jacobsen, Fredrik Beer"]
[Black "Guthrie, David"]
[Result "1-0"]
[WhiteElo "2034"]
[BlackElo "2209"]
[WhiteFideId "1507044"]
[BlackFideId "4300505"]
[EventDate "2014.12.08"]

1. e4 c5 2. Nc3 Nc6 3. g3 g6 4. Bg2 Bg7 5. d3 d6 6. Be3 e5 7. Qd2 Be6 8. Nge2
Nd4 9. O-O Ne7 10. Nc1 O-O 11. Nd1 Qd7 12. c3 Ndc6 13. Ne2 Rad8 14. d4 cxd4 15.
cxd4 d5 16. exd5 Nxd5 17. dxe5 Nxe3 18. Qxe3 Nxe5 19. Qxa7 Bd5 20. Ndc3 Bxg2 21.
Kxg2 Qc6+ 22. f3 Rfe8 23. Rac1 Rd2 24. Rcd1 Rxd1 25. Nxd1 Nxf3 26. Rxf3 Rxe2+
27. Nf2 Bxb2 28. Qb8+ Kg7 29. Qf4 Qd5 30. Kf1 Be5 31. Qxf7+ Qxf7 32. Rxf7+ Kxf7
33. Kxe2 Ke6 34. Kd3 Kd5 35. Ng4 Bd4 36. Nh6 Be5 37. Ng4 Bd4 38. Nh6 b5 39. h3
Be5 40. Ng4 Bxg3 41. Nf6+ Kc5 42. Ne4+ Kb4 43. Nxg3 Ka3 44. Ne4 b4 45. Kc4 h6
46. Nf6 g5 47. Nd5 h5 48. Nxb4 g4 49. h4 g3 50. Nc2+ Kxa2 51. Ne3 Kb2 52. Kd4
Kc1 53. Ke4 1-0

[Event "London Classic Open 2014"]
[Site "London ENG"]
[Date "2014.12.13"]
[Round "6.37"]
[White "Stigar, Petter"]
[Black "Shepley, Julien M"]
[Result "1-0"]
[WhiteTitle "FM"]
[WhiteElo "2194"]
[BlackElo "1942"]
[WhiteFideId "1500341"]
[BlackFideId "403210"]
[EventDate "2014.12.08"]

1. d4 Nf6 2. Nf3 d6 3. c4 Bg4 4. Qb3 Qc8 5. Nbd2 Nbd7 6. h3 Bh5 7. g4 Bg6 8. Nh4
e5 9. Nxg6 hxg6 10. Bg2 c6 11. Nf3 exd4 12. Nxd4 Nc5 13. Qe3+ Be7 14. g5 Nh5 15.
b4 Ne6 16. Nxe6 Qxe6 17. Qxe6 fxe6 18. h4 d5 19. Bd2 Rf8 20. e3 d4 21. exd4
O-O-O 22. Bc3 Nf4 23. Bh3 Nd3+ 24. Ke2 Nxf2 25. Bxe6+ Kc7 26. Rhf1 Ne4 27. Kd3
Nxc3 28. Kxc3 Rxf1 29. Rxf1 Rh8 30. Rf7 Kd6 31. Bg4 b6 32. c5+ bxc5 33. bxc5+ 1-0

[Event "London Classic Open 2014"]
[Site "London ENG"]
[Date "2014.12.13"]
[Round "6.38"]
[White "Sakai, Sou"]
[Black "Bates, Caspar J"]
[Result "0-1"]
[WhiteElo "1881"]
[BlackElo "2185"]
[WhiteFideId "7001487"]
[BlackFideId "414760"]
[EventDate "2014.12.08"]

1. d4 Nf6 2. Nf3 e6 3. c4 Bb4+ 4. Bd2 c5 5. a3 Bxd2+ 6. Qxd2 cxd4 7. Nxd4 b6 8.
Nb5 O-O 9. Nd6 Ne8 10. Nxc8 Qxc8 11. e3 Nc6 12. Be2 Na5 13. Qb4 Qc7 14. O-O Rc8
15. Nd2 Nf6 16. Rac1 Rfd8 17. Nb3 Ne4 18. Nd4 d6 19. f3 Nc5 20. Qc3 Nd7 21. Rfd1
Qb8 22. b4 Nb7 23. Qe1 Nf6 24. Qg3 a6 25. c5 bxc5 26. Nc2 Qa7 27. Qf2 c4 28. Nd4
d5 29. a4 Rd7 30. b5 a5 31. g4 Qb6 32. Nc6 Rxc6 33. bxc6 Qxc6 34. g5 Ne8 35. e4
Ned6 36. exd5 exd5 37. Qa7 g6 38. Qd4 Nf5 39. Qf4 Nbd6 40. Rb1 Qc5+ 41. Kh1 Re7
42. Rb8+ Kg7 43. Bf1 d4 44. Rd8 d3 45. Rxd6 Qxd6 46. Qxc4 Ne3 47. Qc3+ Qe5 48.
Qd2 Nxd1 49. Qxd1 Rd7 50. Bh3 d2 51. Bf1 Qe1 0-1

[Event "London Classic Open 2014"]
[Site "London ENG"]
[Date "2014.12.13"]
[Round "6.39"]
[White "Fernandez, Michael"]
[Black "Disu, Kayode"]
[Result "1-0"]
[WhiteTitle "FM"]
[WhiteElo "2301"]
[BlackElo "1879"]
[WhiteFideId "5803560"]
[BlackFideId "432849"]
[EventDate "2014.12.08"]

1. e4 e5 2. Nf3 Nc6 3. d4 exd4 4. Nxd4 Bc5 5. Be3 Qf6 6. c3 Nge7 7. Bc4 Ne5 8.
Be2 Qg6 9. O-O d6 10. Kh1 a6 11. Nd2 O-O 12. f4 N5c6 13. Nxc6 Nxc6 14. Bxc5 dxc5
15. Qc2 Bg4 16. Bxg4 Qxg4 17. f5 Rad8 18. Nf3 Rfe8 19. Rfe1 Ne5 20. Nxe5 Rxe5
21. Rad1 Rde8 22. Qe2 Qg5 23. Qf3 Kf8 24. Re3 Qe7 25. Rde1 f6 26. Qe2 Rd8 27. g4
Rd6 28. Kg2 Qd8 29. Qf3 Rd2+ 30. R1e2 Rd1 31. Re1 Qd2+ 32. Qe2 Qxe1 33. Qxe1
Rxe1 34. Rxe1 c4 35. Kf3 Rb5 36. Re2 Ke7 37. Rd2 Rb6 38. Ke3 g5 39. h4 h6 40.
hxg5 hxg5 41. e5 fxe5 42. Rh2 Rb5 43. Ke4 c6 44. a3 a5 45. a4 Rd5 46. Rh7+ Kf6
47. Rxb7 Rd3 48. Rc7 Rd6 49. Rc8 Rd2 50. Rxc6+ Kf7 51. Kxe5 Re2+ 52. Kd5 Rxb2
53. Rxc4 Rc2 54. Rc5 Rg2 55. Rc4 Rc2 56. Ke4 Rg2 57. Kf3 Ra2 58. Rc7+ Kf6 59.
Rc6+ Kf7 60. Rg6 Rxa4 61. Rxg5 Rc4 62. Rg6 Rxc3+ 63. Kf4 a4 64. Ra6 a3 65. Kg5
Rg3 66. Ra7+ Ke8 67. Kh5 Rf3 68. Kg6 Rf4 69. g5 Rf3 70. f6 1-0

[Event "London Classic Open 2014"]
[Site "London ENG"]
[Date "2014.12.13"]
[Round "6.40"]
[White "Wall, Tim P"]
[Black "Holleland, Sigve"]
[Result "0-1"]
[WhiteTitle "FM"]
[WhiteElo "2276"]
[BlackElo "2042"]
[WhiteFideId "401641"]
[BlackFideId "1513672"]
[EventDate "2014.12.08"]

1. e4 c5 2. a3 Nc6 3. b4 cxb4 4. axb4 Nxb4 5. c3 Nc6 6. d4 d6 7. Nf3 Nf6 8. Bb5
Bd7 9. Qe2 e6 10. d5 exd5 11. exd5+ Ne7 12. Bc4 g6 13. O-O Bg7 14. Re1 Kf8 15.
Bf4 Bg4 16. h3 Nexd5 17. hxg4 Nxf4 18. Qd2 d5 19. Qxf4 dxc4 20. Ne5 Qd5 21. Na3
Nd7 22. Nxd7+ Qxd7 23. Rad1 Qa4 24. Qc7 Bxc3 25. Nxc4 Bxe1 26. Rxe1 Qc6 27. Qe5
Kg8 28. Nd6 Rf8 29. Qf6 h5 30. g5 h4 31. Kh2 h3 32. gxh3 Qd7 33. Re3 Rh7 34. Ne4
Re8 0-1

[Event "London Classic Open 2014"]
[Site "London ENG"]
[Date "2014.12.13"]
[Round "6.41"]
[White "Sathyanandha, Saravanan"]
[Black "Burke, John S"]
[Result "0-1"]
[WhiteElo "2190"]
[BlackElo "2026"]
[WhiteFideId "470929"]
[BlackFideId "404322"]
[EventDate "2014.12.08"]

1. e4 c5 2. c3 d5 3. exd5 Qxd5 4. d4 Nc6 5. Nf3 Bg4 6. Be2 cxd4 7. cxd4 e6 8.
Nc3 Bb4 9. O-O Qa5 10. Ne4 Rd8 11. Be3 Be7 12. a3 Nf6 13. b4 Qc7 14. Ng3 a6 15.
h3 Bxf3 16. Bxf3 Nd5 17. Ne4 O-O 18. Rc1 Qb8 19. Nc5 Qa7 20. Qd3 Qb6 21. Qc4
Nxe3 22. fxe3 Qc7 23. Nxb7 Qxb7 24. Qxc6 Qb8 25. Qc7 Bg5 26. Rfe1 Bxe3+ 27. Rxe3
Rc8 28. Qxb8 Rxc1+ 29. Re1 Rxe1+ 30. Kf2 Rf1+ 31. Kxf1 Rxb8 32. Ke2 Kf8 33. Kd2
Ke7 34. Be2 Rb6 35. Kc3 Kd6 36. Kb3 Kc7 37. Bf3 Rd6 38. Kc4 Kb6 39. a4 Rd8 40.
a5+ Ka7 41. Kc5 Rb8 42. Bc6 Rd8 43. Bf3 h5 44. Bc6 h4 45. Bf3 g5 46. Bc6 f5 47.
Bf3 Rd7 48. Be2 Rd5+ 49. Kc4 Rd8 50. Kc5 Rg8 51. Kd6 g4 52. Kxe6 gxh3 53. gxh3
Re8+ 0-1

[Event "London Classic Open 2014"]
[Site "London ENG"]
[Date "2014.12.13"]
[Round "6.42"]
[White "Willmoth, Robert F"]
[Black "Prior, Stephen C V"]
[Result "1/2-1/2"]
[WhiteElo "2182"]
[BlackElo "2014"]
[WhiteFideId "402540"]
[BlackFideId "423378"]
[EventDate "2014.12.08"]

1. Nf3 Nf6 2. b3 d6 3. d4 g6 4. Bb2 Bg7 5. Nbd2 O-O 6. g3 Nfd7 7. Bg2 c5 8. e3
Nc6 9. O-O f5 10. Rb1 cxd4 11. exd4 d5 12. c4 e6 13. Re1 Nf6 14. Ne5 Ne4 15.
cxd5 exd5 16. Nxe4 fxe4 17. f3 exf3 18. Bxf3 Bf5 19. Nxc6 bxc6 20. Rc1 Qd6 21.
Rc3 Rf7 22. Rce3 Raf8 23. Bg2 Bd7 24. Rf1 Rxf1+ 25. Bxf1 Qf6 26. Qe1 Bh6 27. Re2
Qf3 28. Bg2 Qd3 29. h3 Bg7 30. Rd2 Qf5 31. Kh2 Re8 32. Re2 Rxe2 33. Qxe2 Bf8 34.
Bc1 Bd6 35. Qf3 Qxf3 36. Bxf3 h5 37. Kg2 Kf7 38. g4 hxg4 39. hxg4 Kf6 40. Be2 g5
41. Be3 Bf4 42. Bf2 Ke7 43. Kf3 Kd6 44. Bd3 Bc8 45. Be1 Kc7 46. Ba5+ Kd6 47.
Bb4+ Kc7 48. a4 a6 49. Bf5 Bxf5 50. gxf5 Kd7 51. Kg4 Ke8 52. Ba5 Kf7 53. Bd8 Be3
54. Bxg5 Bxd4 55. Bd8 Bc3 56. Kf4 Bd4 57. Bh4 c5 58. Bd8 Bb2 59. Bb6 c4 60. bxc4
dxc4 61. Ke4 c3 62. Bd4 Ba1 63. Kd3 c2 64. Be3 Kf6 65. Kxc2 Kxf5 66. Kb3 Ke6 67.
Kb4 Kd7 68. Ka5 Kc8 69. Kxa6 Kb8 1/2-1/2

[Event "London Classic Open 2014"]
[Site "London ENG"]
[Date "2014.12.13"]
[Round "6.43"]
[White "Kalaiyalahan, Akshaya"]
[Black "Moore, Gerald"]
[Result "0-1"]
[WhiteElo "2080"]
[BlackElo "2169"]
[WhiteFideId "422894"]
[BlackFideId "403440"]
[EventDate "2014.12.08"]

1. d4 g6 2. Nf3 Bg7 3. g3 Nf6 4. Bg2 O-O 5. c4 d6 6. Nc3 Nc6 7. O-O Bg4 8. h3
Bxf3 9. Bxf3 Nd7 10. e3 e5 11. d5 Ne7 12. e4 Kh8 13. Bg2 Ng8 14. Rb1 f5 15. Bd2
Bh6 16. exf5 gxf5 17. Bxh6 Nxh6 18. f4 Rg8 19. Ne2 Qe7 20. Qd2 Rg6 21. b4 Rag8
22. Qe3 b6 23. Rb3 Qg7 24. Qf2 Nf6 25. Rc1 Ne4 26. Bxe4 fxe4 27. g4 Nxg4 28.
hxg4 Rxg4+ 29. Kf1 exf4 30. Rcc3 f3 31. Rxf3 exf3 32. Rxf3 Qa1+ 0-1

[Event "London Classic Open 2014"]
[Site "London ENG"]
[Date "2014.12.13"]
[Round "6.44"]
[White "Okike, David"]
[Black "Sharma, Amit"]
[Result "1-0"]
[WhiteElo "2169"]
[BlackElo "2006"]
[WhiteFideId "8500134"]
[BlackFideId "5020522"]
[EventDate "2014.12.08"]

1. e4 c5 2. Nf3 Nc6 3. d4 cxd4 4. Nxd4 Nf6 5. Nc3 e5 6. Ndb5 d6 7. Bg5 a6 8. Na3
b5 9. Bxf6 gxf6 10. Nd5 Bg7 11. c3 f5 12. exf5 Bxf5 13. Nc2 O-O 14. Be2 Ne7 15.
Nce3 Be6 16. O-O Kh8 17. Kh1 f5 18. f4 Ra7 19. Qd2 Ng6 20. g3 Bd7 21. Rad1 Bc6
22. Bf3 Qa8 23. Bg2 exf4 24. Nxf4 Be5 25. Bxc6 Qxc6+ 26. Qd5 Qc8 27. Neg2 Ne7
28. Qd2 Qb7 29. Rde1 Rg8 30. Nd3 Bg7 31. Qf4 Qd5 32. Nb4 Qc5 33. a3 Rf8 34. Nxa6
Qb6 35. Nb4 Ng6 36. Qf2 Qb7 37. Qf3 Qc8 38. Qd5 Raf7 39. Qxb5 Be5 40. Nf4 Rb7
41. Qd3 Rc7 42. Re2 Rc5 43. Nbd5 Qc6 44. Kg1 Rc4 45. Ref2 Re4 46. Nxg6+ hxg6 47.
Ne7 Qe8 48. Qxe4 Qxe7 49. Qe3 Kg7 50. a4 Qd7 51. a5 Qb5 52. b4 Rc8 53. Rxf5 gxf5
54. Qg5+ Kh8 55. Qh6+ Kg8 56. Qe6+ Kg7 57. Qxc8 Qd3 58. Qxf5 Qxc3 59. Qg5+ Kh7
60. Rf7+ Kh8 61. Qh6+ 1-0

[Event "London Classic Open 2014"]
[Site "London ENG"]
[Date "2014.12.13"]
[Round "6.45"]
[White "Marzano, Carlo"]
[Black "Calvert, D Ian"]
[Result "1-0"]
[WhiteElo "2166"]
[BlackElo "1982"]
[WhiteFideId "802980"]
[BlackFideId "406368"]
[EventDate "2014.12.08"]

1. d4 d5 2. c4 c6 3. e3 Nf6 4. Nc3 g6 5. Nf3 Bg7 6. h3 O-O 7. Bd3 c5 8. O-O Nc6
9. dxc5 dxc4 10. Bxc4 Qa5 11. Qe2 Qxc5 12. a3 Ne5 13. Ba2 Nxf3+ 14. Qxf3 Qf5 15.
Qe2 Bd7 16. e4 Qh5 17. Qxh5 Nxh5 18. g4 Nf6 19. e5 Ne8 20. Bg5 e6 21. Rfe1 Nc7
22. f4 Rfc8 23. Rad1 Bc6 24. Bh4 Bf8 25. Ne4 Kg7 26. Bf6+ Kg8 27. Bh4 Kg7 28.
Nf6 Be7 29. Rd2 Rd8 30. Red1 Rxd2 31. Rxd2 Rd8 32. Rxd8 Bxd8 33. Bf2 b6 34. Bd4
Ne8 35. g5 Nxf6 36. exf6+ Kf8 37. Kf2 Ke8 38. Ke3 Kd7 39. b4 a6 40. Bc4 b5 41.
Be2 Kc7 42. h4 Kb7 43. h5 Bb6 44. Bxb6 Kxb6 45. Kd4 Be8 46. Bf3 Bc6 47. Be2 Be8
48. h6 Kc6 49. Ke5 Kc7 50. Bd3 Kd7 51. Be4 Kc7 52. Bc2 Kd7 53. a4 Kc7 54. a5 Kd7
55. Bd3 Kc7 56. Be4 Kd7 57. Bb7 Kc7 58. Bxa6 Bd7 59. Bb7 Kxb7 60. Kd6 Bc6 61.
Ke7 Bd5 62. Kf8 Kc7 63. Kg7 1-0

[Event "London Classic Open 2014"]
[Site "London ENG"]
[Date "2014.12.13"]
[Round "6.46"]
[White "Gupta, Arul"]
[Black "Orgler, Philipp"]
[Result "1/2-1/2"]
[WhiteElo "2065"]
[BlackElo "2165"]
[WhiteFideId "422622"]
[BlackFideId "1604236"]
[EventDate "2014.12.08"]

1. e4 c5 2. Nf3 d6 3. Bb5+ Bd7 4. Bxd7+ Nxd7 5. O-O Ngf6 6. Qe2 e6 7. b3 Be7 8.
Bb2 O-O 9. c4 e5 10. Nc3 Re8 11. Ne1 Nf8 12. Nc2 Ne6 13. d3 Bf8 14. Ne3 g6 15.
Ncd5 Nxd5 16. Nxd5 Bh6 17. g3 Nc7 18. Nxc7 Qxc7 19. f4 exf4 20. gxf4 f5 21. Qg2
Bg7 22. exf5 Bxb2 23. Qxb2 gxf5 24. Rf3 Re6 25. Kf2 Qg7 26. Rg1 Rg6 27. Qxg7+
Kxg7 28. Re1 Rf8 29. Rfe3 Rh6 30. h3 Rf7 31. Kg3 Rg6+ 32. Kh2 Rgf6 33. a3 Rd7
34. b4 b6 35. d4 cxd4 36. Rd3 Rc7 37. Rxd4 b5 38. Rg1+ Kh6 39. cxb5 Rc3 40. a4
Re6 41. Rg2 Kh5 42. a5 Kh4 43. b6 axb6 44. axb6 Ree3 45. Rd1 Rxh3+ 46. Kg1 Rb3
47. Rxd6 Rb1+ 48. Kf2 Rb2+ 49. Kg1 Rb1+ 50. Kf2 Rb2+ 51. Kg1 1/2-1/2

[Event "London Classic Open 2014"]
[Site "London ENG"]
[Date "2014.12.13"]
[Round "6.47"]
[White "Ethelontis, Alexandros N"]
[Black "Woong, Zhi Wei William"]
[Result "1-0"]
[WhiteElo "2160"]
[BlackElo "1912"]
[WhiteFideId "405469"]
[BlackFideId "5804906"]
[EventDate "2014.12.08"]

1. c4 e6 2. g3 d5 3. Bg2 Nf6 4. Nf3 Be7 5. O-O c5 6. cxd5 exd5 7. d4 Nc6 8. dxc5
Bxc5 9. Qc2 Be7 10. Nc3 O-O 11. Rd1 Qb6 12. Be3 Qa5 13. a3 Be6 14. b4 Qc7 15.
Rac1 Rac8 16. Qb1 Qd7 17. Bd4 Rfd8 18. Ne5 Nxe5 19. Bxe5 Qe8 20. e3 Ng4 21. Bd4
Rc6 22. Qb3 Rcd6 23. a4 b6 24. Ne2 Bd7 25. b5 Rh6 26. h3 Nf6 27. g4 Ne4 28. Nf4
Be6 29. Rc6 Bh4 30. Bxe4 dxe4 31. Nxe6 Rxe6 32. Rxe6 Qxe6 33. Qxe6 fxe6 34. Rc1
Rd7 35. Kg2 Kf7 36. Rc4 Kg6 37. Be5 Rd2 38. Bg3 Bxg3 39. Kxg3 Ra2 40. Rxe4 Kf6
41. h4 h6 42. f4 g6 43. Kf3 Ra1 44. Rc4 Ra2 45. Ke4 Ra3 46. g5+ 1-0

[Event "London Classic Open 2014"]
[Site "London ENG"]
[Date "2014.12.13"]
[Round "6.48"]
[White "Praczukowski, Stanislaw"]
[Black "Williamson, Roger G"]
[Result "0-1"]
[WhiteElo "1962"]
[BlackElo "2160"]
[WhiteFideId "1182730"]
[BlackFideId "414620"]
[EventDate "2014.12.08"]

1. d4 Nf6 2. c4 e5 3. dxe5 Ng4 4. Nf3 Nc6 5. Bf4 Bb4+ 6. Nbd2 Qe7 7. e3 Ngxe5 8.
Be2 Nxf3+ 9. Bxf3 Ne5 10. Be2 O-O 11. a3 Bxd2+ 12. Qxd2 d6 13. O-O b6 14. Bg3
Bb7 15. f4 Nd7 16. Rae1 Nc5 17. Bd1 Ne4 18. Qd4 f5 19. Bc2 Qf7 20. Bxe4 Bxe4 21.
Rc1 c5 22. Qxd6 Rad8 23. Qe5 Rd3 24. b4 Re8 25. Qb2 Red8 26. Qe2 Qe7 27. Qe1
R8d7 28. Bh4 Rd2 29. Rf3 Qd6 30. Rf2 Rd3 31. Ra2 h6 32. b5 Qg6 33. Qe2 Qe6 34.
a4 Bb7 35. Bf2 Qe4 36. Qf1 Rd1 0-1

[Event "London Classic Open 2014"]
[Site "London ENG"]
[Date "2014.12.13"]
[Round "6.49"]
[White "Shamima, Akter Liza"]
[Black "Akshay V Halagannavar"]
[Result "1-0"]
[WhiteTitle "WIM"]
[WhiteElo "2159"]
[BlackElo "1881"]
[WhiteFideId "10202587"]
[BlackFideId "25020188"]
[EventDate "2014.12.08"]

1. d4 Nf6 2. c4 c5 3. d5 e6 4. Nc3 exd5 5. cxd5 d6 6. Bg5 g6 7. Qa4+ Bd7 8. Qb3
Be7 9. e4 O-O 10. Nf3 Re8 11. O-O-O Na6 12. Bc4 b5 13. Nxb5 Rb8 14. e5 Ng4 15.
Bxe7 Qxe7 16. e6 Bxb5 17. Bxb5 Nc7 18. Qa4 Rxb5 19. Qxg4 f5 20. Qc4 Rb4 21. Qc2
Reb8 22. b3 a5 23. Rhe1 a4 24. Re3 f4 25. Re4 axb3 26. Rxb4 cxb4 27. Qxb3 Rc8
28. Kd2 Nb5 29. Ke1 Nc3 30. Rd4 Qc7 31. Nd2 Qa5 32. Rxb4 Qxa2 33. Qxa2 Nxa2 34.
Rc4 Rxc4 35. Nxc4 Nc3 36. Nb6 Kf8 37. Kd2 Ne4+ 38. Ke2 g5 39. f3 Nf6 40. Kd3 h5
41. Kd4 Ke8 42. Nc8 g4 43. Nxd6+ Ke7 44. Nf5+ Ke8 45. Ke5 1-0

[Event "London Classic Open 2014"]
[Site "London ENG"]
[Date "2014.12.13"]
[Round "6.50"]
[White "Cohen, Ronnie"]
[Black "Smith, Andrew Philip"]
[Result "0-1"]
[BlackTitle "FM"]
[WhiteElo "1929"]
[BlackElo "2148"]
[WhiteFideId "412082"]
[BlackFideId "2500833"]
[EventDate "2014.12.08"]

1. e4 e5 2. Nf3 d6 3. d4 Nd7 4. dxe5 dxe5 5. Bc4 Qf6 6. O-O h6 7. Nc3 c6 8. Be3
Bd6 9. Qd2 Ne7 10. Rad1 Bc7 11. a3 g5 12. Kh1 Ng6 13. Ng1 Nf4 14. b4 a6 15. Bb3
b5 16. Nce2 O-O 17. c4 Nb6 18. c5 Nc4 19. Bxc4 bxc4 20. Qc3 Be6 21. Nc1 a5 22.
g3 axb4 23. axb4 Nh3 24. Nce2 Ra2 25. f4 Nxg1 26. Nxg1 gxf4 27. Rxf4 Qg6 28. Rh4
Bd8 29. Rxd8 Rxd8 30. Qxe5 Qg7 31. Qh5 Qb2 32. Qf3 Rd3 33. Bc1 Qxc1 0-1

[Event "London Classic Open 2014"]
[Site "London ENG"]
[Date "2014.12.13"]
[Round "6.51"]
[White "Kalavannan, Koby"]
[Black "Hill, Alistair"]
[Result "1/2-1/2"]
[WhiteElo "1935"]
[BlackElo "2112"]
[WhiteFideId "425753"]
[BlackFideId "432407"]
[EventDate "2014.12.08"]

1. d4 Nf6 2. Nf3 g6 3. c4 Bg7 4. g3 O-O 5. Bg2 c5 6. d5 e6 7. Nc3 exd5 8. cxd5
d6 9. O-O Re8 10. Nd2 a6 11. a4 Nbd7 12. a5 b5 13. axb6 Nxb6 14. e4 Qc7 15. Qc2
Bd7 16. b3 Bb5 17. Nxb5 axb5 18. Bb2 Nfd7 19. f4 1/2-1/2

[Event "London Classic Open 2014"]
[Site "London ENG"]
[Date "2014.12.13"]
[Round "6.52"]
[White "Klingher, Dominic"]
[Black "Makepeace, Philip J"]
[Result "0-1"]
[WhiteElo "1799"]
[BlackElo "2103"]
[WhiteFideId "428850"]
[BlackFideId "413550"]
[EventDate "2014.12.08"]

1. e4 c6 2. d4 d5 3. f3 e6 4. Be3 dxe4 5. fxe4 Qh4+ 6. g3 Qxe4 7. Qe2 Nf6 8. Nd2
Qxc2 9. Bg2 Bb4 10. Nf3 b6 11. O-O Ba6 12. Qf2 Ng4 13. Qe1 Bxf1 14. Kxf1 Qd3+
15. Qe2 Nxe3+ 16. Kf2 Qxe2+ 17. Kxe2 Bxd2 18. Nxd2 Nxg2 19. Kf2 Na6 20. Kxg2
O-O-O 21. Nf3 f6 22. Rc1 Kb7 23. a3 Rhe8 24. b4 Rd5 25. h4 e5 26. Re1 e4 27. Kh3
Nc7 28. Nh2 Rxd4 29. h5 Ne6 30. g4 Ng5+ 31. Kh4 Rd3 0-1

[Event "London Classic Open 2014"]
[Site "London ENG"]
[Date "2014.12.13"]
[Round "6.53"]
[White "Jones, Steven A"]
[Black "Terzo, Andrea"]
[Result "1-0"]
[WhiteElo "2096"]
[BlackElo "1809"]
[WhiteFideId "419630"]
[BlackFideId "897353"]
[EventDate "2014.12.08"]

1. e4 e6 2. d4 d5 3. Nc3 Nf6 4. Bg5 Be7 5. e5 Nfd7 6. Bxe7 Qxe7 7. f4 a6 8. Nf3
c5 9. dxc5 Nxc5 10. Qd2 Nc6 11. O-O-O b5 12. Bd3 O-O 13. Kb1 b4 14. Ne2 a5 15.
Ned4 Nxd4 16. Nxd4 Ba6 17. Rde1 Bxd3 18. cxd3 f5 19. h3 Qd7 20. Rhg1 Qa4 21. g4
b3 22. Nxb3 Nxb3 23. axb3 Qxb3 24. Re3 a4 25. d4 Qb6 26. Ka1 Rac8 27. Rc3 Qb4
28. gxf5 a3 29. Rxg7+ Kxg7 30. Rg3+ Kh8 31. Qxb4 axb2+ 32. Kb1 1-0

[Event "London Classic Open 2014"]
[Site "London ENG"]
[Date "2014.12.13"]
[Round "6.54"]
[White "Moradi, Kimia"]
[Black "Rozycki, Bartlomiej"]
[Result "1-0"]
[WhiteElo "1920"]
[BlackElo "2085"]
[WhiteFideId "12500100"]
[BlackFideId "1106996"]
[EventDate "2014.12.08"]

1. e4 e6 2. d4 d5 3. Nd2 Nf6 4. e5 Nfd7 5. Bd3 c5 6. c3 Nc6 7. Ne2 a5 8. O-O a4
9. Nf3 a3 10. b3 cxd4 11. cxd4 Nb4 12. Bb5 Qa5 13. Nc3 Nc6 14. Qd3 Bb4 15. Bd2
Nb6 16. Rfc1 Bd7 17. Bxc6 Bxc6 18. Rc2 Nc8 19. Rac1 Na7 20. Ng5 h6 21. Nxe6 fxe6
22. Qg6+ Kf8 23. Qxe6 Bxc3 24. Rxc3 1-0